|
|
|
|
| LEADER |
01219nam a2200265 a 4500 |
| 008 |
100503s1995 nyua b 001 0 eng d |
| 010 |
|
|
|a \\\89048348
|
| 020 |
|
|
|a 0697244156
|
| 040 |
|
|
|a DLC
|c DLC
|d DLC
|d BD-DhAAL
|
| 082 |
0 |
0 |
|a 371.1/02
|2 20
|
| 100 |
1 |
|
|a Ornstein, Allan C.
|
| 245 |
1 |
0 |
|a Strategies for effective teaching /
|c Allan C. Ornstein.
|
| 260 |
|
|
|a New York :
|b Harper & Row,
|c c1995.
|
| 300 |
|
|
|a xix, 488 p. :
|b ill. ;
|c 23 cm.
|
| 504 |
|
|
|a Includes bibliographical references.
|
| 541 |
1 |
|
|e 00011260
|
| 650 |
|
0 |
|a Teaching.
|
| 650 |
|
0 |
|a Classroom management.
|
| 650 |
|
0 |
|a Lesson planning.
|
| 650 |
|
0 |
|a Teachers
|x Training of.
|
| 852 |
4 |
|
|a Ayesha Abed Library
|j General Shelf
|
| 999 |
|
|
|c 8358
|d 8358
|
| 952 |
|
|
|0 0
|1 0
|2 ddc
|4 0
|6 371_102000000000000_ORN_1995
|7 0
|9 9681
|a BRACUL
|b BRACUL
|c GEN
|d 2010-05-03
|l 2
|o 371.102 ORN
|p 3010011260
|r 2017-07-23
|s 2017-04-26
|t 1
|w 2010-05-03
|y BK
|
| 952 |
|
|
|0 0
|1 0
|2 ddc
|4 0
|6 371_102000000000000_ORN_1995
|7 0
|9 9682
|a BRACUL
|b BRACUL
|c GEN
|d 2010-05-03
|l 2
|o 371.102 ORN
|p 3010011261
|r 2010-12-19
|s 2010-10-07
|t 2
|w 2010-05-03
|y BK
|
| 952 |
|
|
|0 0
|1 0
|2 ddc
|4 0
|6 371_102000000000000_ORN_1995
|7 0
|9 9852
|a BRACUL
|b BRACUL
|c GEN
|d 2010-05-06
|l 1
|m 23
|o 371.102 ORN
|p 3010011259
|r 2015-09-08
|s 2015-04-09
|t 3
|w 2010-05-06
|y BK
|